| 000 | 00587nam a2200229Ia 4500 | ||
|---|---|---|---|
| 003 | OSt | ||
| 005 | 20221007072843.0 | ||
| 006 | a|||||r|||| 00| 0 | ||
| 007 | ta | ||
| 008 | 221006b |||||||| |||| 00| 0 eng d | ||
| 024 | _a10,394 | ||
| 037 | _cTextual | ||
| 040 |
_aFLL _cFLL _beng |
||
| 041 |
_2eng _aeng |
||
| 082 | _aD6:48:Z, K9 | ||
| 100 |
_aMatte N.M. Au. _9688858 |
||
| 245 | 0 | _aAerospace law | |
| 260 |
_aLondon _bSweet and maxwell London _c1969 |
||
| 300 |
_a501p _ccm. |
||
| 942 |
_hD6:48:Z, K9 _cTEXL _2CC |
||
| 999 |
_c1147120 _d1147120 |
||